Państwa używające Euro - Statystyki

Ogólne statystyki
  • Ten quiz został rozwiązany 142 razy
    46 od ostatniego zresetowania
  • Średni wynik to 17 z 22
Statystyki odpowiedzi
Kraje % Poprawnych
Niemcy
94%
Włochy
91%
Austria
89%
Francja
89%
Hiszpania
89%
Portugalia
89%
Słowacja
89%
Chorwacja
83%
Holandia
83%
Belgia
80%
Irlandia
77%
Litwa
77%
Łotwa
77%
Estonia
74%
Finlandia
74%
Grecja
74%
Słowenia
74%
Bułgaria
69%
Luksemburg
69%
Luksemburg
69%
Cypr
60%
Malta
57%
Nie znaleziono quizów pasujących do podanych kryteriów
Rozkład punktacji
Procent ludzi z każdym wynikiem
Percentyl według liczby udzielonych odpowiedzi
Twoja historia wyników
Nie rozwiązałeś tego quizu od ostatniego zresetowania